| 000 | 00349nam a22001337a 4500 | ||
|---|---|---|---|
| 020 | _a9780643095755 | ||
| 040 | _cNust | ||
| 082 |
_a523.2 _bWIL |
||
| 100 |
_aJohn Wilkinson _9124429 |
||
| 245 | _aProbing the new Solar System | ||
| 260 |
_aAustralia: _bCSIRO Publishing, _c2009. |
||
| 650 |
_aProbing the new Solar System _9124430 |
||
| 942 |
_2ddc _cBK |
||
| 999 |
_c610293 _d610293 |
||